| 000 | 00912nam a2200229 i 4500 | ||
|---|---|---|---|
| 001 | bg | ||
| 245 | 0 | 0 |
_aRolnictwo i sektor żywnościowy w 2002 roku : _bna podstawie analizy produkcyjno-ekonomicznej sytuacji rolnictwa i gospodarki żywnościowej w 2002 roku / _coprac. Augustyn Woś ; Instytut Ekonomiki Rolnictwa i Gospodarki Żywnościowej. |
| 260 |
_aWarszawa : _bIERiGŻ, _c2003. |
||
| 300 |
_a42, [1] s. ; _c25 cm. |
||
| 650 | 9 |
_aGospodarka żywnościowa _zPolska _yod 1989 r. |
|
| 650 | 9 |
_aRolnictwo _xfinanse _zPolska _yod 1989 r. |
|
| 650 | 9 |
_aRynek _xrolnictwo _zPolska _yod 1989 r. |
|
| 700 | 1 |
_aWOŚ, Augustyn. _eOprac. |
|
| 710 | 0 | _aInstytut Ekonomiki Rolnictwa i Gospodarki Żywnościowej (Warszawa) | |
| 020 | _a8386815930 | ||
| 040 | _cBPK | ||
| 041 | 0 | _apol | |
| 080 | _a338.43(438)"1989/..."(083.41) | ||
| 920 | _a83-86815-93-0 | ||
| 942 | _cKS | ||
| 008 | s pl f |000 0 pol | ||
| 999 |
_c35427 _d35427 |
||
| 856 |
_uhttp://koha.tu.koszalin.pl/cgi-bin/koha/opac-detail.pl?biblionumber=35427 _yKatalog online BPK |
||